Allenatori con più Premier League Manager of the Month - Statistics

Statistiche generali
  • Questo quiz è stato fatto 35 volte
  • Il punteggio medio è 6 su 15
Statistiche sulle risposte
Numero titoli Nazione Squadre Allenatore % Corretto
27 Scozia Manchester United Alex Ferguson
90%
10 Germania Liverpool Jürgen Klopp
77%
5 Italia Chelsea; Leicester City Claudio Ranieri
74%
15 Francia Arsenal Arsène Wenger
68%
5 Italia Chelsea; Everton Carlo Ancelotti
68%
11 Spagna Manchester City Josep Guardiola
68%
7 Spagna Liverpool; Chelsea; Newcastle Utd Rafael Benítez
55%
7 Spagna Arsenal Mikel Arteta
45%
10 Scozia Everton David Moyes
32%
5 Inghilterra Bournemouth; Newcastle Utd Eddie Howe
29%
8 Inghilterra West Ham Utd; Portsmouth; Southampton; Tottenham Harry Redknapp
13%
8 Irlanda del Nord Leicester City; Aston Villa; Sunderland Martin O'Neill
3%
6 Inghilterra Bolton Wanderers; West Ham Utd Sam Allardyce
3%
6 Inghilterra Newcastle Utd; Middlesbrough Bobby Robson
0%
5 Inghilterra Newcastle Utd Kevin Keegan
0%
Nessun quiz corrispondente trovato
Distribuzione punteggi
Percentuale di utenti per punteggio
Percentile per numero di risposta
I tuoi punteggi nel tempo
Non hai fatto questo quiz